000 00288nam a2200121 a 4500
005 20140414132101.0
008 100719s19uu xx 00 eng d
050 _aER
_bM45 2001
100 _aMay, Darcy
245 _aJingle bells.
260 _aNew York :
_bScholastic.
999 _c114460
_d114460